Ô nhiểm không khí và xử lý khí thải. Tập 1 :Ô nhiễm không khí và tính toán khuếch tán chất ô nhiễm.

Spremljeno u:
Bibliografski detalji
Glavni autor: Trần Ngọc Chấn
Format: Knjiga
Jezik:Vietnamese
Izdano: Khoa học kỹ thuật, 2002.
Teme:
Oznake: Dodaj oznaku
Bez oznaka, Budi prvi tko označuje ovaj zapis!
Thư viện lưu trữ: Mạng thư viện Đại học Đà Nẵng
LEADER 01110nam a2200325 a 4500
001 000001919
003 03648
005 20220607081805.0
008 171229s2002 vie
040 |a LSK 
041 0 |a VIE 
082 0 |a 628.53  |b TR-C 
100 1 |a Trần Ngọc Chấn 
245 0 0 |a Ô nhiểm không khí và xử lý khí thải. Tập 1 :Ô nhiễm không khí và tính toán khuếch tán chất ô nhiễm. 
260 |b Khoa học kỹ thuật,  |c 2002. 
300 |a 216 pages ;  |c 27. 
653 |a Ô nhiễm không khí 
653 |a Khí thải 
852 |a Phòng Đọc - Phòng Mượn 
901 |a 8 
927 |a Sách chuyên khảo 
OWN |a LSK 
AVA |a UDN50  |b LSK  |d 628.53 TR-C  |e available  |t Error 5001 Not defined in file expand_doc_bib_avail.  |f 8  |g 1  |h N  |i 4  |k 1 
999 |a From the UDN01 
AVA |a UDN50  |b LSK  |d 628.53 TR-C  |e available  |t Error 5001 Not defined in file expand_doc_bib_avail.  |f 8  |g 1  |h N  |i 4  |k 1 
TYP |a Monograph 
TYP |a Printed language 
980 |a Mạng thư viện Đại học Đà Nẵng